000 01439cam a2200349 i 4500
001 18262022
003 Nust- CAS-E
005 20180118164228.0
008 140811s2013 pk 000 0 eng
010 _a 2014323739
020 _a9789698535186
025 _aP-E-2014323739; 31
037 _bLibrary of Congress -- Islamabad Overseas Office
_cRs 400
040 _aDLC
_beng
_cDLC
_erda
042 _alcode
_apcc
043 _aa-pk---
050 0 0 _aDS385.J5
_bB43 2014
082 _aDS385.J5
_bBAZ 2014
100 1 _aBazmi, Aslam,
_eauthor.
245 1 0 _aOur Quaid :
_bas resmembered and reported /
_cAslam Bazmi.
246 1 3 _aOur leader Mohammad Ali Jinnah
260 _bNUST publishing
_c2014
300 _axiv, 166 pages ;
_c23 cm
502 _a0
600 1 0 _aJinnah, Mahomed Ali,
_d1876-1948.
710 2 _aNational University of Sciences and Technology (Islāmābād, Pakistan)
906 _a7
_bcbc
_corigode
_d3
_encip
_f20
_gy-gencatlg
942 _2ddc
_cBK
999 _c354585
_d354585